Szczegóły MARC21

Relativität und Subjektivität : zum dramatischen Werk Arthur Schnitzlers im Kontext des Pirandellismo : ein Vergleich /

003 -Nazwa inst., której nr kontr. jest w polu 001 [,]
    • @
    • Nazwa instytucji, której n kontrolny jest w polu 001
    • NUKAT
005 -DATA I CZAS OSTATNIEJ MODYFIKACJI [,]
    • @
    • pole kontrolne
    • 20241231103407.0
020 -Międzynarod. znormalizowany nr książki - ISBN [ , ]
    • a
    • Numer ISBN
    • 3700313012 Find
040 -Instytucja sporządzająca opis [ , ]
    • a
    • Instytucja, która sporządziła opis (NP)
    • SZCZ U/AB
    • b
    • Język katalogowania
    • pol
    • e
    • Zasady katalogowania
    • rda
    • c
    • Instytucja, która sporządziła rekord (NP)
    • SZCZ U/ABs
942 -Rodzaj dokumentu [ , ]
    • c
    • Rodzaj dokumentu
    • Książka
100 -Hasło główne - nazwa osobowa [1, ]
    • a
    • Nazwa osobowa (NP)
    • Montingelli, Guido.
    • e
    • Rodzaj współpracy
    • Autor
    • 9
    • KHW
    • 646048
245 -Strefa tytułu i oznaczenia odpowiedzialności [1,0]
    • a
    • Tytuł
    • Relativität und Subjektivität : Find
    • b
    • Ciąg dalszy tytułu (NP)
    • zum dramatischen Werk Arthur Schnitzlers im Kontext des Pirandellismo : ein Vergleich / Find
    • c
    • Pozostałe elementy strefy tytułu i oznaczenia odpowiedzialności (NP)
    • Guido Montingelli.
246 -Wariant tytułu [1,8]
    • a
    • Tytuł (NP)
    • Relativität und Subjektivität
260 -Strefa adresu wydawniczego [ , ]
    • a
    • Miejsce wydania (P)
    • Wien :
    • b
    • Nazwa wydawcy (P)
    • Braumüller,
    • c
    • Data wydania (P)
    • © 1999.
300 -Strefa opisu fizycznego [ , ]
    • a
    • Określenie formy książki i/lub objętość (NP)
    • XI, [3], 95 stron ;
    • c
    • Format (NP)
    • 24 cm.
336 -Typ zawartości [ , ]
    • a
    • Termin opisujący typ zawartości
    • Tekst
    • b
    • Kod określający zawartość
    • txt
    • 2
    • Źródło (terminu i kodu)
    • rdacontent
337 -Typ mediów [ , ]
    • a
    • Tryb odtwarzania
    • Bez urządzenia pośredniczącego
    • b
    • Kod typu mediów
    • n
    • 2
    • Źródło (terminu i kodu)
    • rdamedia
338 -Typ/rodzaj nośnika [ , ]
    • a
    • Hasło opisujące typ nośnika
    • Wolumin
    • b
    • Kod typu nośnika
    • nc
    • 2
    • Źródło (terminu i kodu)
    • rdacarrier
490 -Strefa serii i książki wielotomowej - forma nie do wyszukiwania [1, ]
    • a
    • Tytuł (P)
    • Untersuchungen zur Österreichischen Literatur des 20. Jahrhunderts ; Find
    • v
    • Numeracja (P)
    • Bd. 14
830 -Hasło dodatkowe serii i opisu książki wielotomowej - tytuł ujednolicony/tytuł [ ,0]
    • a
    • Tytuł ujednolicony/tytuł (NP)
    • Untersuchungen zur Österreichischen Literatur des 20. Jahrhunderts
    • x
    • ISSN
    • 0566-2796
    • v
    • Oznaczenie tomu (NP)
    • Bd. 14
    • 9
    • KHW
    • 448651
504 -Uwaga dot. bibliogr. załącznikowej [ , ]
    • a
    • Uwaga dot. bibliografii załącznikowej
    • Bibliografia na stronach 91-95.
536 -Uwaga dot. finansowania książki [ , ]
    • a
    • Tekst uwagi
    • Publiziert mit Unterstützung des Bundesministeriums für Wissenschaft und Verkehr, Wien
080 -Uniwersalna Klasyfikacja Dziesiętna [ , ]
    • a
    • Symbol klasyfikacji
    • 830(436)(091)-2"18/19"Schnitzler A.=30
080 -Uniwersalna Klasyfikacja Dziesiętna [ , ]
    • a
    • Symbol klasyfikacji
    • :82.03=30
600 -Hasło przedmiotowe w formie nazwy osobowej [1,7]
    • a
    • Nazwa osobowa
    • Schnitzler, Arthur
    • d
    • Daty związane z nazwą
    • (1862-1931)
    • x
    • Określnik rzeczowy
    • krytyka i interpretacja.
    • 2
    • Źródło terminu
    • kaba
    • 9
    • KHW
    • 485741
600 -Hasło przedmiotowe w formie nazwy osobowej [1,7]
    • a
    • Nazwa osobowa
    • Pirandello, Luigi
    • d
    • Daty związane z nazwą
    • (1867-1936)
    • x
    • Określnik rzeczowy
    • krytyka i interpretacja.
    • 2
    • Źródło terminu
    • kaba
    • 9
    • KHW
    • 465268
600 -Hasło przedmiotowe w formie nazwy osobowej [1,7]
    • a
    • Nazwa osobowa
    • Pirandello, Luigi
    • d
    • Daty związane z nazwą
    • (1867-1936)
    • x
    • Określnik rzeczowy
    • wpływ.
    • 2
    • Źródło terminu
    • kaba
    • 9
    • KHW
    • 646098
980 -Symbol UKD [ , ]
    • a
    • UKD
    • 830(436)(091)-2"18/19"Schnitzler A.:82.03]=30
710 -Hasło dodatkowe - nazwa ciała zbiorowego [2, ]
    • a
    • Nazwa ciała zbiorowego lub nazwa geograficzna jako pierwszy element (NP)
    • Wilhelm Braumüller & Sohn (Wiedeń).
    • e
    • Rodzaj współpracy
    • Wydawca
    • 4
    • Kod relacji
    • pbl
    • 9
    • KHW
    • 646047
920 -ISBN [ , ]
    • a
    • ISBN
    • 3-7003-1301-2 Find
Lokalizacja Status udost. Sygnatura Data inwentaryzacji Numer inwentarzowy
BM-3Germ.Literaturozn.-Schnitzler 022002-03-04G.16123